000 00643cam a22002172 4500
001 0000004609
005 20151217145818.0
008 070525s xx 000 0 eng d
020 _a8173662428 :
_cKES 2,200
040 _aKABU
_cKABU
050 0 _aQH324.2
_b.G53
100 1 _aGibas, Cynthia.
_@0000155250
245 1 0 _aDeveloping bioinformatics computer skills /
_cCynthia Gibas and Per Jambeck.
260 _aMumbai :
_bSPD,
_c2001.
300 _axv, 427 p.
650 0 _aBioinformatics.
_@0000155251
700 1 _aJambeck, Per.
_@0000155252
908 _a070525
950 _@1
999 _c2813
_d2813